| 000 | 00542cam a2200169Ki 4500 | ||
|---|---|---|---|
| 082 |
_a516.23 _bSMI _cL-2, P-22 |
||
| 100 | 1 |
_aSmith, Charles, _939373 |
|
| 245 | 1 | 3 | _aAn elementary treatise on solid geometry |
| 250 | _a2nd ed. | ||
| 260 |
_aLondon : _bMacmillan, _c1907. |
||
| 300 |
_a1 online resource (xv, 242 p.) : _bdiagrs. |
||
| 526 |
_a0 _b0 _c0 _d516_230000000000000_SMI |
||
| 650 | 0 |
_aGeometry, Analytic _xSolid. _939374 |
|
| 650 | 0 |
_aMCE _9379 |
|
| 856 | 4 | 0 | _uhttp://catalog.hathitrust.org/api/volumes/oclc/6183154.html |
| 942 |
_2ddc _cBK |
||
| 999 |
_c543871 _d543871 |
||